000 00428cam a22001097a 4500
008 180718b1960 xxu||||| |||| 00| 0 eng d
082 _aR1703x73 Un3
245 _aState child-labor standards: a state-by- state summary of laws affecting the employment of minors under 18 years of age
_cby Department of Labor, U.S.
260 _aWashington
_bGovernemnt Printing Press
_c1960
300 _a210+p.
700 _aU.S. Department of Labor
999 _c495900
_d495900